000 01144nam a2200349Ii 4500
001 DIGCERVAN0236
003 NyNyDIG
006 m o d
007 cr |||||||||||
008 250103s2023 ec o 000 d spa d
035 _a(OCoLC)1491108619
040 _aDGITA
_beng
_erda
_epn
_cDGITA
020 _a9791222412627
_qeBook
050 1 4 _aPQ6434 ebook
100 1 _aMolina, Tirso de,
_d1571?-1648,
_eauthor.
245 1 3 _aEl amor médico /
_cTirso de Molina.
264 1 _a[Quito, Ecuador] :
_bCervantes Digital,
_c[2023]
300 _a1 online resource.
336 _atext
_btxt
_2rdacontent
337 _acomputer
_bc
_2rdamedia
338 _aonline resource
_bcr
_2rdacarrier
347 _atext file
_2rdaft
347 _bEPUB
347 _bEPDF
588 0 _aOnline resource; title from ePub title page (Digitalia, viewed January 3, 2025)
655 7 _aDrama.
_2lcgft
791 2 _aDigitalia (Firm),
_edistributor.
793 0 _gDigitalia eBook Collection:
_aCervantes Digital
856 4 0 _3Digitalia Hispánica
_uhttps://www.digitaliapublishing.com/a/129715/
910 _aPremium collection: 2025
942 _cRAA
999 _c280519
_d280519